Annuaire de l'aluminium et de ses industries.

Bibliographic Details
Format: Serial
Language:French
Published: [Paris] : Havas.
Subjects:

MARC

Tag First Indicator Second Indicator Subfields
LEADER 00000cas a2200000 4500
001 in00000213915
005 20151009060540.0
008 790911c19509999fr ar 0uuub0fre
010 |a a 52007614  
035 |a (OCoLC)05359933 
035 |9 AAX3883AM 
040 |a DLC  |c TXA  |d UtOrBLW 
049 |a TXAE 
050 0 |a HD9539.A6  |b A4 
245 0 0 |a Annuaire de l'aluminium et de ses industries. 
264 1 |a [Paris] :  |b Havas. 
300 |b illustrations ;  |c 27 cm. 
336 |a text  |b txt  |2 rdacontent 
337 |a unmediated  |b n  |2 rdamedia 
338 |a volume  |b nc  |2 rdacarrier 
362 0 |a [1.- ed.] 1950/51- 
650 0 |a Aluminum industry and trade  |x Periodicals. 
650 0 |a Aluminum  |x Periodicals. 
999 |a MARS 
999 f f |s 4ee56020-66c2-3601-912e-39db89816faf  |i a17456e3-0075-3fba-bb8f-e696105d3180  |t 0 
952 f f |p ric  |a Texas A&M University  |b Rellis Campus  |c Joint Library Facility  |d Remote Storage  |t 0  |e HD9539.A6 A4  |h Library of Congress classification  |i unmediated -- volume  |k 1  |l 1950/1951  |m A14812572086 
998 f f |a HD9539.A6 A4  |s 1 (1950/1951)  |t 0  |l Remote Storage